• 首页
  • 本馆介绍
  • 公告通知
  • 最新文献
  • 馆藏检索
  • 电子资源
  • 读者导购
  • 参考咨询
  • 我的图书馆
  • 登录
  • 详细信息显示
  • 放入我的书架
  • 预约/预借图书
  • 作者相关作品
  • 分类相关作品
  • 丛书相关作品
  • 出版社相关作品

书目信息

  • 表格格式
  • 工作单格式
  • 卡片格式
题名:
动物之夜
    
 
作者: Prince , 普林斯 著 ;吴奇久 编译
分册:  
出版信息: 上海   上海科学技术出版社  1980
页数: 95页
开本: 19cm
丛书名:
单 册:
中图分类: Q43-49
科图分类:
主题词: 动物-感觉 , 感觉-动物
电子资源:
ISBN:
000 00869nam0 2200289 45
001 0180009087
005 20060802164304.32
010    @dCNY0.25
091    @a13119.81
100    @a19950323d1980 em y0chiy0121 ea
101 1  @achi@ceng
102    @aCN@b310000
105    @ay z 000yy
200 10 @a动物之夜@Adong wu zhi ye@e它们在黑暗中如何感觉@f( )普林斯(J.H.Prince)著@g吴奇久编译
210    @a上海@c上海科学技术出版社@d1980
215    @a95页@d19cm
300    @a书名原文:Animals in the night-senses in action after dark
510 1  @aAnimals in the night-senses in action after dark@zeng
606    @a动物-感觉
606    @a感觉-动物
690    @aQ43-49@v3
701 A1 @aPrince@bJ.H.@4著
701  1 @a普林斯@Apu lin si@bJ.H.@4著
702  0 @a吴奇久@Awu qi jiu@4编译
801  2 @aCN@bNLC@c20060802
801  0 @aCN@bTSSF
905    @a10447@dQ43-49@e17
    
    动物之夜:它们在黑暗中如何感觉/( )普林斯(J.H.Prince)著/吴奇久编译.-上海:上海科学技术出版社,1980
    95页;19cm
    书名原文:Animals in the night-senses in action after dark
    
    ISBN :CNY0.25
    
●
相关链接 在E读中查询图书 在五车中查询图书 在当当中查询图书 在豆瓣中查询图书


正题名:动物之夜     索取号:Q43-49/17         预约/预借

序号 登录号 条形码 馆藏地/架位号 状态 备注
1 0439546   204395467   密集书库/ [索取号:Q43-49/17] 在馆    
唐山师范学院图书馆 欢迎您!
大连网信软件有限公司© 版权所有